Production and Utilization of Biogas (Record no. 32741)

000 -LEADER
fixed length control field 00391nam a22001697a 4500
003 - CONTROL NUMBER IDENTIFIER
control field NUST
020 ## - INTERNATIONAL STANDARD BOOK NUMBER
International Standard Book Number 9789967432291
038 ## - RECORD CONTENT LICENSOR
Staff Name Khadija
082 ## - DEWEY DECIMAL CLASSIFICATION NUMBER
Classification number 665.776
Author Mark PRO
100 ## - MAIN ENTRY--PERSONAL NAME
Personal name Karimov, Kh. S.
9 (RLIN) 86366
245 ## - TITLE STATEMENT
Title Production and Utilization of Biogas
260 ## - PUBLICATION, DISTRIBUTION, ETC.
Place of publication, distribution, etc. Germany:
Name of publisher, distributor, etc. Bishkek,
Date of publication, distribution, etc. 2009.
300 ## - PHYSICAL DESCRIPTION
Extent 75 p, ;
Other physical details 28 cm.
500 ## - GENERAL NOTE
General note Hardcover.
563 ## - BINDING INFORMATION
Binding note HB
942 ## - ADDED ENTRY ELEMENTS (KOHA)
Koha item type Book
Source of classification or shelving scheme
Holdings
Withdrawn status Lost status Source of classification or shelving scheme Damaged status Not for loan Permanent Location Current Location Shelving location Date acquired Full call number Barcode Date last seen Price effective from Koha item type
          School of Mechanical & Manufacturing Engineering (SMME) School of Mechanical & Manufacturing Engineering (SMME) General Stacks 11/12/2015 665.776 PRO SMME-1582 03/29/2018 11/12/2015 Book
© 2023 Central Library, National University of Sciences and Technology. All Rights Reserved.